[Event "Groningen Compact op-B"]
[Site "Groningen"]
[Date "2008.12.27"]
[Round "2"]
[White "Stapersma, Dick"]
[Black "Leuw, Ed"]
[Result "1-0"]
[WhiteElo "1819"]
[BlackElo "1732"]
[PlyCount "59"]
[EventDate "2008.12.26"]
[EventType "swiss"]
[EventRounds "5"]
[EventCountry "NED"]
[SourceTitle "CBM 127 Extra"]
[Source "ChessBase"]
[SourceDate "2009.01.08"]
[SourceVersion "2"]
[SourceVersionDate "2009.01.28"]
[SourceQuality "1"]

1. f4 Nc6 2. Nf3 d6 3. g3 e5 4. d3 Nf6 5. e4 Bg4 6. Bg2 Nd4 7. 0-0 h5 8. c3 Nxf3+ 9. Bxf3 Qd7 10. Bxg4 Nxg4 11. h3 Nf6 12. Kg2 0-0-0 13. Nd2 exf4 14. Rxf4 Qe6 15. Nf3 Nh7 16. Qb3 Rd7 17. Qa4 a6 18. Be3 g5 19. Rf5 g4 20. hxg4 hxg4 21. Nd4 Qg6 22. Rh1 Bg7 23. Rfh5 Bxd4 24. Qxd4 f6 25. Qa7 Rdd8 26. Bd4 c5 27. Be3 c4 28. Bb6 cxd3 29. Qa8+ Kd7 30. Qxb7+ 1-0